|
|
|
|
| LEADER |
00000nam0a2200000 4500 |
| 001 |
82751 |
| 005 |
20231031095841.0 |
| 020 |
|
|
|a RU
|b 86-99334
|
| 035 |
|
|
|a (RuTPU)RU\TPU\book\88930
|
| 090 |
|
|
|a 82751
|
| 100 |
|
|
|a 20051006d1987 k y0rusy5003 ca
|
| 101 |
0 |
|
|a rus
|
| 102 |
|
|
|a RU
|
| 105 |
|
|
|a a z 001zy
|
| 200 |
1 |
|
|a Происхождение галактик и звезд
|f Л. Э. Гуревич, А. Д. Чернин
|
| 205 |
|
|
|a 2-е изд.
|
| 210 |
|
|
|a Москва
|c Наука
|d 1987
|
| 215 |
|
|
|a 190,[2] с.
|c ил.
|d 20 см
|
| 225 |
1 |
|
|a Проблемы науки и технического прогресса
|
| 320 |
|
|
|a Библиогр.: с. 192
|
| 610 |
1 |
|
|a галактики
|
| 610 |
1 |
|
|a звезды
|
| 610 |
1 |
|
|a происхождение
|
| 610 |
1 |
|
|a звездные системы
|
| 610 |
1 |
|
|a эволюция
|
| 675 |
|
|
|a 524.6
|z rus
|
| 675 |
|
|
|a 524.31
|z rus
|
| 700 |
|
1 |
|a Гуревич
|b Л. Э.
|g Лев Эммануилович
|
| 701 |
|
1 |
|a Чернин
|b А. Д.
|g Артур Давидович
|
| 801 |
|
0 |
|a RU
|b RuMRKP
|c 19950417
|g psbo
|
| 801 |
|
1 |
|a RU
|b 63413507
|c 20051006
|g PSBO
|
| 801 |
|
2 |
|a RU
|b 63413507
|c 20191024
|g PSBO
|
| 942 |
|
|
|c BK
|